00487nam a2200193 a 4500001001300000003000900013005001700022008004100039020001000080082002100090100002000111245003500131260003200166300000900198500003500207505001400242650001700256700002000273nice12345678IN_TiNIC20260116011556.0050524s1937 cala grp 000 0 eng  ac10000a305.480297bZAI1 aZaidi, Syed M H aMuslim Womanhood in Revolution aCalcuttabKing Palacec1937 a140p aincludes index and biblioraphy2 areference aMuslim Women1 aZaidi, Syed M H